00567 2200193 4500001002100000005001500021035002000036007000300056008004100059020002200100082001400122084002000136100001800156245007300174260003800247300004400285650003500329600000900364INLIS00000000000109720241028112307 a0010-1024000067ta241028 g 0 ind  a978-979-582-250-9 a633.18-29 a633.18-29 GAN t0 aGandi Purnama1 aTeknik Mengendalikan Hama dan Penyakit Tanaman Padi /cGandi Purnama aJakarta :bPertanian Press,c2023 axvi, 118 hlm. :bilus, ;c15 cm x 21 cm 4aPengendalian hama dan penyakit 4aPadi